Načítá se...
Cataloguing practice CCC /
| Hlavní autor: | |
|---|---|
| Médium: | Printed Book |
| Jazyk: | English |
| Vydáno: |
Delhi :
Ess Ess Publications,
1996.
|
| Témata: |
| LEADER | 00543nam a2200145Ia 4500 | ||
|---|---|---|---|
| 008 | 160114b xxu||||| |||| 00| 0 eng d | ||
| 082 | |a 025.3 | ||
| 100 | |a Sehgal, R. L. | ||
| 245 | |a Cataloguing practice |b CCC / |c By R. L. Sehgal | ||
| 260 | |a Delhi : |b Ess Ess Publications, |c 1996. | ||
| 300 | |a 317 p. | ||
| 653 | |a Bibliographic analysis and control (Cataloguing) | ||
| 942 | |c BK | ||
| 999 | |c 143028 |d 143028 | ||
| 952 | |0 0 |1 0 |4 0 |6 025_300000000000000_SEH_C |7 0 |9 152025 |a LIS |b LIS |c ST1 |d 2006-04-04 |g 500.00 |i 01209 |l 0 |o 025.3 SEH/C |p LIS1209 |r 2016-07-26 |w 2016-07-26 |y BK | ||